2215-下呂市(岐阜県)の駅 - Statistics

General Stats
  • This quiz has been taken 4 times
  • The average score is 5 of 8
Answer Stats
Answer % Correct
飛騨金山
100%
下呂
100%
上呂
100%
飛騨萩原
75%
禅昌寺
50%
飛騨小坂
50%
焼石
25%
飛騨宮田
25%
No matching quizzes found
Score Distribution
Percent of People with Each Score
Percentile by Number Answered
Your Score History
You have not taken this quiz